000 00729nam a2200253Ia 4500
003 OSt
005 20220918220547.0
006 a|||||r|||| 00| 0
007 ta
008 220917b |||||||| |||| 00| 0 eng d
024 _a146,424
037 _cTextual
040 _aARTS
_cARTS
_beng
041 _2eng
_aeng
082 _aYZ:435, L9-;1
100 _aStephens Lynh H Ed
_9137806
245 0 _aDisaster assistance
_b Appraisal refrom and new approaches
260 _aLondon
_bMacmillan
_c1979
300 _ax1vi, 337p.
_ccm.
650 _aSOCIOLOGY
700 _a Green Stephen J Ed
_9137807
942 _hYZ:435, L9-;1
_cTEXL
_2CC
999 _c269180
_d269180